00305nam a2200121Ia 4500008004100000082001800041100001700059245003800076250000800114260003400122300001000156650001700166150201s2003 xx 000 0 und d a617.6bO2003B aBHALAJI,S.I. aORTHODONTICS: THE ART AND SCIENCE a2ND bARYA PUBLICATIONaDELHIc2003 a1-505 aORTHODONTICS